| 000 | 01277nam a2200277Ia 4500 | ||
|---|---|---|---|
| 999 |
_c53464 _d53464 |
||
| 001 | 20509 | ||
| 003 | GE_BSU | ||
| 005 | 20210103223208.0 | ||
| 008 | 181216s1990||||ge |||||||||||||| ||geo|| | ||
| 040 | _cGE_BSU | ||
| 041 | _ageo | ||
| 080 | _a811.353.1-8(075.3) რ-21 | ||
| 100 |
_aრამიშვილი, ვალერიან _91173 |
||
| 245 |
_aქართული ენა : გრამატიკა, მართ ლწერა და მეტყველების განვითარება : _bმე-2 კლასისათვის / _cვალერიან რამიშვილი ; რედ. ნ. სუხიტაშვილი. |
||
| 250 | _aმე-6 გამოცემა | ||
| 264 |
_aთბილისი : _bგანათლება, _c1990. |
||
| 300 |
_a67 გვ. : _b ილ. ; _c21 სმ. |
||
| 541 | _h50 თ. | ||
| 653 | _aმე-2 კლასისათვის | ||
| 653 | _aქართული ენა | ||
| 653 | _a გრამატიკა | ||
| 653 | _a მართლწერა | ||
| 653 | _aმეტყველების განვითარება | ||
| 700 |
_aსუხიტაშვილი, ნ. _eრედაქტორი _99971 |
||
| 942 |
_cBK _2udc |
||